1544 1476 1677 1179 1496 1976 1139 1359 1271 1822 1367 1892 1493 1384 1267 1101 1434 1617 1108 1476 1991 1443 1040 1082 1663 1268 1614 1234 1370 1812 1819 1449 1490 1363 1863 1203 1289 1983 1448 1643 1971 1139 1069 1691 1991 1076 1415 1061 1592 1503 1262 1307 1351 1883 1355 1910 1435 1910 1422 1944 1102 1221 1547 1421 1707 1593 1630 1522 1190 1781 1929 1870 1739 1869 1379 1573 1833 1999 1076 1518 1344 1753 1012 1956 1679 1747 1426 1971 1396 1326 1651 1257 1693 1864 1677 1553 1493 1996 1580 BCNSPRNW ULIB Ver.6.0+V

เปลี่ยนเป็นภาษาไทย

Change to English
 แสดงรายละเอียดบรรณานุกรม
  กลับหน้าหลัก

Brief Record : Get Marc (ISO 2709) : E-mail record : QR code < ปิดหน้าต่าง
LEADER : 00000nam 2200000uu 4500
001    13399120660
003     ULIB
008    121002s2550||||th 000 0 tha d
020    ^a9742727708
050  4 ^aBQ4190^bว111ค
100 0  ^aว. วชิรเมธี
245 10 ^aธรรมะติดปีก /^cว.วชิรเมธี
250    ^aพิมพ์ครั้งที่ 21
260    ^aกรุงเทพฯ :^bอมรินทร์,^c2550
300    ^a198 หน้า :^bภาพประกอบ ;^c17 ซม.
440  0 ^aธรรมะประยุกต์ ;^vลำดับที่ 1
650  7 ^aธรรมะ (พุทธศาสนา)
650  7 ^aธรรมะกับชีวิตประจำวัน
650  7 ^aพุทธศาสนา
945    ^p125^l0^i14480
995    ^aวิภา
999 ^a ใช้งานได้ทุกระบบ
รายการนี้ยังไม่มีแท็ก
คุณยังไม่ได้ล็อกอิน คุณสามารถมีกิจกรรมร่วมกับเว็บไซต์ได้ แต่ต้องล็อกอินก่อน ::
  ล็อกอิน

รายการสื่อสารสนเทศ

ลำดับที่ ประเภท เลขเรียก/บาร์โค้ด สถานที่ สถานะ
1. วิทยาศาสตร์การแพทย์ และสุขภาพ
วิทยาศาสตร์การแพทย์ และสุขภาพ
BQ4190 ว111ค  
  Barcode: 14480
ห้องสมุดวิทยาเขตสวรรค์ประชารักษ์
►หนังสือทั่วไป
บนชั้น

รายการใกล้เคียง
    ผู้แต่ง [ว. วชิรเมธี]

    หัวเรื่อง [ธรรมะ (พุทธศาสนา)]
    หัวเรื่อง [ธรรมะกับชีวิตประจำวัน]
    หัวเรื่อง [พุทธศาสนา]

BibComment


ยังไม่เคยถูกคอมเมนท์

คอมเมนท์ทรัพยากรรายการนี้
  คอมเมนท์: ธรรมะติดปีก ววช..


 Copyright 2026. Bcnsprnw @Library